000 03939nkm0a2200625 4500
001 RU\NLR\BIBL_A\022619415
005 20260204000000.0
020 _aRU
_b44-2235 (1944, № 3-4)
_9Летопись изоизданий / ВКП. - Москва, 1948. - Вып. 1944, № 3-4. - С. 68
035 _a(NLR Aleph) 022619415
071 5 0 _a135
_d10 коп.
090 _a89028
_c89028
100 _a20250910d1944 u y0rusy50 ca
101 0 _arus
102 _aRU
116 _adiycxx bk ae
135 _acrcn 024anaba
181 0 _ab4
_bxb2e
182 0 _an
200 1 _a27 лет Великой Октябрьской социалистической революции
_eвоинское
_e[почтовая карточка]
_fхуд. Арк. Щербаков
203 _aИзображение
_bнеподвижное
_bдвухмерное
_bвизуальное
_cнепосредственное
210 _a[Москва]
_c"Советский график" по зак. Моск. к-ры Главбумсбыта
_d[1944]
215 _a1 л.
_cцв. цинкогр.
_d10,5х14,6
300 _aНа почтовой карточке также текст: Смерть немецким захватчикам!
300 _aЦенз. разрешение: Г-11.9.44
301 _aИзд. номер: № 135
309 _aОдносторонняя почтовая карточка
316 _aЭкземпляры РНБ на шифре Э О-ПК-3/1944-18, Эот100950, Эот100951: 10,5х14,4 см
_5NLR: Э О-ПК-3/1944-18
325 _aКопия доступна в Электрон. б-ке РНБ
327 0 _aСоветские знамена, внизу лавровые ветви и лента
532 1 1 _aДвадцать семь лет Великой Октябрьской социалистической революции
606 1 _aПочтовые открытки маркированные художественные
_yСССР
_z1941 - 1945
_2nlr_sh2
_3RU\NLR\AUTH\661531868
606 1 _aВеликая Октябрьская социалистическая революция
_z1917
_xГодовщины
_z1944
_jОткрытки
_2nlr_sh2
_3RU\NLR\AUTH\6601684088
610 1 _aПоздравительные открытки
610 1 _aОткрытки к 7 Ноября
610 1 _aОдносторонние почтовые карточки
686 1 _aЩ153(2)7-489
700 1 _aЩербаков
_bА. И.
_cхудожник
_f1901-1971
_gАркадий Иванович
_3RU\NLR\AUTH\770273850
_4040
712 0 1 _aСССР
_bГлавное управление по сбыту продукции целлюлозно-бумажной промышленности
_bМосковская контора
_3RU\NLR\AUTH\880618212
_4570
712 0 2 _a"Советский график", всероссийское товарищество художников-графиков
_3RU\NLR\AUTH\880618204
_4650
830 _aТехника печати - см. Летопись изоизданий. АЯ ОЭФ
852 0 0 _aNLR
_bЭ
_jО-ПК-3/1944-Щ
_mЭот100949
852 0 0 _aNLR
_bЭ
_jО-ПК-3/1944-Щ
_mЭот100950
852 0 0 _aNLR
_bЭ
_jО-ПК-3/1944-Щ
_mЭот100951
856 0 _uhttps://vivaldi.nlr.ru/lo500003967/view
856 1 _uhttps://vivaldi.nlr.ru/lo500003967/cover
856 2 _uhttps://vivaldi.nlr.ru/lo500003967/text
901 _eИзографические материалы
942 _cVISUAL
945 _aРоссийская национальная библиотека
980 _aNB
980 _aBV
981 1 7 _a(17) Изографические материалы
_b(17) Открытки